Guatemala: ¿que es el Movimiento Revolucionario del Pueblo - MRP?

Uloženo v:
Podrobná bibliografie
Médium: Text
Témata:
Tagy: Přidat tag
Žádné tagy, Buďte první, kdo vytvoří štítek k tomuto záznamu!

MARC

LEADER 00000 a a2200000 04500
001 17531
003
040
245 |a Guatemala:   |b ¿que es el Movimiento Revolucionario del Pueblo - MRP?  
650 |a MOVIMIENTOS SOCIALES  
650 |a POLITICA  
650 |a DEMOCRACIA  
650 |a GUATEMALA  
773 |g Volumen 7, Número 30; (1983) Página. 474  
999 |c 21446  |d 21446 
773 0 |0 42391  |9 4157  |a Agencia Latinoamericana de Información, ALAI  |d Quito, Ecuador: ALAI  |o 03920  |t ALAI:  |x 08275564 (Servicio mensual de información y documentación)